00266nam a2200121Ia 4500008004100000041000800041082001400049100001300063245004200076260000900118365001100127440000600138240625s9999 xx 000 0 und d aeng a519.5 VEA aDE VEAUX aVIDEO LECTURES ON DVD FOR INTRO STATS c2009 cb27.5 v1